<?xml version="1.0" encoding="UTF-8"?>
<record
    xmlns:xsi="http://www.w3.org/2001/XMLSchema-instance"
    xsi:schemaLocation="http://www.loc.gov/MARC21/slim http://www.loc.gov/standards/marcxml/schema/MARC21slim.xsd"
    xmlns="http://www.loc.gov/MARC21/slim">

  <leader>00985nam a22001457a 4500</leader>
  <controlfield tag="008">131204b        xxu||||| |||| 00| 0 eng d</controlfield>
  <datafield tag="020" ind1=" " ind2=" ">
    <subfield code="a">9789988848989 9988848986</subfield>
  </datafield>
  <datafield tag="050" ind1=" " ind2=" ">
    <subfield code="a">KRX68.Q36</subfield>
  </datafield>
  <datafield tag="245" ind1=" " ind2=" ">
    <subfield code="a">The Ghana legal system. /</subfield>
    <subfield code="b">Emmanuel Kwabena Quansah.</subfield>
  </datafield>
  <datafield tag="260" ind1=" " ind2=" ">
    <subfield code="a">Accra, Ghana : </subfield>
    <subfield code="b">Black Mask Ltd., </subfield>
    <subfield code="c">2011.</subfield>
  </datafield>
  <datafield tag="300" ind1=" " ind2=" ">
    <subfield code="a">lxxx, 438 p. :</subfield>
    <subfield code="c">23 cm.</subfield>
  </datafield>
  <datafield tag="505" ind1=" " ind2=" ">
    <subfield code="a">Contents: Introduction to the major legal system in the world -- Historical foundation of the Ghana legal system -- Basic institutions of the Ghana legal system -- The Nature and functions of the law -- Sources of Ghana law -- Administration of justice: the court system -- Judicial personnel -- Interpretation -- Internal conflict of the laws -- The legal profession -- Outline of criminal procedure -- Outline of civil procedure -- Alternatives to civil dispute settlement -- Basic legal skills -- Subject index.</subfield>
  </datafield>
  <datafield tag="650" ind1=" " ind2=" ">
    <subfield code="2">Law -- Ghana.     </subfield>
    <subfield code="v">Justice, Administration of -- Ghana.</subfield>
    <subfield code="y">Courts -- Ghana</subfield>
  </datafield>
  <datafield tag="942" ind1=" " ind2=" ">
    <subfield code="2">lcc</subfield>
    <subfield code="c">BK</subfield>
  </datafield>
  <datafield tag="999" ind1=" " ind2=" ">
    <subfield code="c">2706</subfield>
    <subfield code="d">10206</subfield>
  </datafield>
  <datafield tag="952" ind1=" " ind2=" ">
    <subfield code="0">0</subfield>
    <subfield code="1">0</subfield>
    <subfield code="2">lcc</subfield>
    <subfield code="4">0</subfield>
    <subfield code="7">0</subfield>
    <subfield code="a">WIUC-1</subfield>
    <subfield code="b">WIUC-1</subfield>
    <subfield code="c">LL</subfield>
    <subfield code="d">2013-12-04</subfield>
    <subfield code="l">0</subfield>
    <subfield code="o">KRX68.Q36</subfield>
    <subfield code="p">148/13</subfield>
    <subfield code="r">2013-12-04 00:00:00</subfield>
    <subfield code="t">1</subfield>
    <subfield code="w">2013-12-04</subfield>
    <subfield code="y">BK</subfield>
  </datafield>
  <datafield tag="952" ind1=" " ind2=" ">
    <subfield code="0">0</subfield>
    <subfield code="1">0</subfield>
    <subfield code="2">lcc</subfield>
    <subfield code="4">0</subfield>
    <subfield code="7">0</subfield>
    <subfield code="a">WIUC-1</subfield>
    <subfield code="b">WIUC-1</subfield>
    <subfield code="c">LL</subfield>
    <subfield code="d">2013-12-04</subfield>
    <subfield code="l">0</subfield>
    <subfield code="o">KRX68.Q361</subfield>
    <subfield code="p">149/13</subfield>
    <subfield code="r">2013-12-04 00:00:00</subfield>
    <subfield code="t">2</subfield>
    <subfield code="w">2013-12-04</subfield>
    <subfield code="y">BK</subfield>
  </datafield>
  <datafield tag="952" ind1=" " ind2=" ">
    <subfield code="0">0</subfield>
    <subfield code="1">0</subfield>
    <subfield code="2">lcc</subfield>
    <subfield code="4">0</subfield>
    <subfield code="7">0</subfield>
    <subfield code="a">WIUC-1</subfield>
    <subfield code="b">WIUC-1</subfield>
    <subfield code="c">LL</subfield>
    <subfield code="d">2013-12-04</subfield>
    <subfield code="l">0</subfield>
    <subfield code="o">KRX68.Q362</subfield>
    <subfield code="p">997/13</subfield>
    <subfield code="r">2013-12-04 00:00:00</subfield>
    <subfield code="t">3</subfield>
    <subfield code="w">2013-12-04</subfield>
    <subfield code="y">BK</subfield>
  </datafield>
  <datafield tag="952" ind1=" " ind2=" ">
    <subfield code="0">0</subfield>
    <subfield code="1">0</subfield>
    <subfield code="2">lcc</subfield>
    <subfield code="4">0</subfield>
    <subfield code="7">0</subfield>
    <subfield code="a">WIUC-1</subfield>
    <subfield code="b">WIUC-1</subfield>
    <subfield code="c">LL</subfield>
    <subfield code="d">2015-06-10</subfield>
    <subfield code="l">0</subfield>
    <subfield code="o">KRX68.Q363</subfield>
    <subfield code="p">2552/1549/15</subfield>
    <subfield code="r">2015-06-10 00:00:00</subfield>
    <subfield code="w">2015-06-10</subfield>
    <subfield code="y">BK</subfield>
  </datafield>
  <datafield tag="952" ind1=" " ind2=" ">
    <subfield code="0">0</subfield>
    <subfield code="1">0</subfield>
    <subfield code="2">lcc</subfield>
    <subfield code="4">0</subfield>
    <subfield code="7">0</subfield>
    <subfield code="a">WIUC-KL</subfield>
    <subfield code="b">WIUC-KL</subfield>
    <subfield code="c">LL</subfield>
    <subfield code="d">2019-08-20</subfield>
    <subfield code="o">KRX68.Q361</subfield>
    <subfield code="p">KSL/013/19</subfield>
    <subfield code="r">2021-05-12 00:00:00</subfield>
    <subfield code="t">2</subfield>
    <subfield code="y">BK</subfield>
  </datafield>
  <datafield tag="952" ind1=" " ind2=" ">
    <subfield code="0">0</subfield>
    <subfield code="1">0</subfield>
    <subfield code="2">lcc</subfield>
    <subfield code="4">0</subfield>
    <subfield code="7">0</subfield>
    <subfield code="a">WIUC-KL</subfield>
    <subfield code="b">WIUC-KL</subfield>
    <subfield code="c">LL</subfield>
    <subfield code="d">2019-08-20</subfield>
    <subfield code="o">KRX68.Q36</subfield>
    <subfield code="p">KSL/012/19</subfield>
    <subfield code="r">2021-05-20 00:00:00</subfield>
    <subfield code="t">1</subfield>
    <subfield code="w">2021-05-20</subfield>
    <subfield code="y">BK</subfield>
  </datafield>
</record>
